000 01578nam a2200373Ia 4500
001 ebr10660324
003 CaPaEBR
006 m u
007 cr cn|||||||||
008 080326s2009 nyua sb 001 0 eng d
010 _z 2008014032
020 _z1604566124 (hardcover)
020 _z9781604566123 (hardcover)
020 _z9781608765249
040 _aCaPaEBR
_cCaPaEBR
035 _a(OCoLC)847650583
050 1 4 _aTD427.H3
_bG45 2009eb
082 0 4 _a363.739/4
_222
100 1 _aGeiser, Jurgen.
245 1 0 _aGroundwater contamination
_h[electronic resource] :
_bdiscretization and simulation of systems for convection-diffusion-dispersion reactions /
_cJurgen Ernst Geiser.
260 _aNew York :
_bNova Science Publishers,
_cc2009.
300 _aix, 160 p. :
_bill. (some col.)
504 _aIncludes bibliographical references (p. [149]-158) and index.
533 _aElectronic reproduction.
_bPalo Alto, Calif. :
_cebrary,
_d2013.
_nAvailable via World Wide Web.
_nAccess may be limited to ebrary affiliated libraries.
650 0 _aGroundwater
_xPollution
_xSimulation methods.
650 0 _aHazardous waste sites
_xSimulation methods.
650 0 _aGroundwater
_xPollution
_xMathematical models.
650 0 _aDispersion
_xMathematical models.
650 0 _aDiscrete-time systems
_xMathematical models.
650 0 _aDiscrete geometry.
655 7 _aElectronic books.
_2local
710 2 _aebrary, Inc.
856 4 0 _uhttp://site.ebrary.com/lib/rucke/Doc?id=10660324
_zAn electronic book accessible through the World Wide Web; click to view
999 _c170259
_d170259